LEADER 01718cam0-2200529---450- 001 990000065000203316 005 20090716174801.0 010 $a8834892380 035 $a0006500 035 $aUSA010006500 035 $a(ALEPH)000006500USA01 035 $a0006500 100 $a20000914d1999----|||t0itay0103----ba 101 0 $aita 102 $aIT 105 $a||||||||001yy 200 $aContratto illecito, reato ed irripetibilitą ob turpem causam$eprofili restitutori dei delitti di corruzione e concussione$fAntonio Bellizzi 210 $aTorino$cG. Giappichelli$d1999 215 $aXI, 107 p.$d24 cm 606 $aConcussione Diritto penale 606 $6Contratti Causa 606 $aCorruzione Diritto penale 606 $aIllecito 676 $a346.45022 700 1$aBELLIZZI,$bAntonio$0267587 801 $aIT$bSALBC$gISBD 912 $a990000065000203316 951 $aXXV.1.H 355 (IG I 1541)$b23803 G.$cXXV.1.H 355 (IG I)$d00001217 959 $aBK 979 $c20000914$lUSA01$h1730 979 $c20001019$lUSA01$h1055 979 $c20001019$lUSA01$h1453 979 $c20001019$lUSA01$h1500 979 $c20001019$lUSA01$h1538 979 $c20001024$lUSA01$h1514 979 $c20001027$lUSA01$h1518 979 $c20001027$lUSA01$h1522 979 $c20001110$lUSA01$h1709 979 $c20001124$lUSA01$h1207 979 $aPATTY$b90$c20010330$lUSA01$h1217 979 $aPATTY$b90$c20010330$lUSA01$h1217 979 $c20020403$lUSA01$h1614 979 $aPATRY$b90$c20040406$lUSA01$h1606 979 $aRSIAV3$b90$c20090716$lUSA01$h1748 996 $aContratto illecito, reato ed irripetibilitą ob turpem causam$91515380 997 $aUNISA bas $aGIU LEADER 04095nam 2200697 450 001 9910460567403321 005 20210505213826.0 010 $a0-520-95929-9 024 7 $a10.1525/9780520959293 035 $a(CKB)3710000000494938 035 $a(EBL)4054163 035 $a(SSID)ssj0001645539 035 $a(PQKBManifestationID)16414254 035 $a(PQKBTitleCode)TC0001645539 035 $a(PQKBWorkID)14961975 035 $a(PQKB)10070406 035 $a(MiAaPQ)EBC4054163 035 $a(DE-B1597)519477 035 $a(OCoLC)928891054 035 $a(DE-B1597)9780520959293 035 $a(Au-PeEL)EBL4054163 035 $a(CaPaEBR)ebr11153290 035 $a(EXLCZ)993710000000494938 100 $a20160216h20162016 uy 0 101 0 $aeng 135 $aurnnu---|u||u 181 $ctxt 182 $cc 183 $acr 200 14$aThe self-help myth $ehow philanthropy fails to alleviate poverty /$fErica Kohl-Arenas 210 1$aOakland, California :$cUniversity of California Press,$d2016. 210 4$d©2016 215 $a1 online resource (273 p.) 225 1 $aPoverty, Interrupted ;$v1 300 $aDescription based upon print version of record. 311 $a0-520-28344-9 311 $a0-520-28343-0 320 $aIncludes bibliographical references and index. 327 $tFront matter --$tCONTENTS --$tPREFACE --$tACKNOWLEDGMENTS --$tCHAPTER ONE. Private Philanthropy and the Self-Help Myth --$tCHAPTER TWO. The Hustling Arm of the Union: Nonprofit Institutionalization and the Compromises of Cesar Chavez --$tCHAPTER THREE. Foundation-Driven Collaborative Initiatives: Civic Participation for What? --$tCHAPTER FOUR. Selling Mutual Prosperity: Worker-Grower Partnerships and the "Win-Win" Paradigm --$tCHAPTER FIVE. Conclusion --$tNOTES --$tBIBLIOGRAPHY --$tINDEX 330 $aCan philanthropy alleviate inequality? Do antipoverty programs work on the ground? In this eye-opening analysis, Erica Kohl-Arenas bores deeply into how these issues play out in California's Central Valley, which is one of the wealthiest agricultural production regions in the world and also home to the poorest people in the United States. Through the lens of a provocative set of case studies, The Self-Help Myth reveals how philanthropy maintains systems of inequality by attracting attention to the behavior of poor people while shifting the focus away from structural inequities and relationships of power that produce poverty. In Fresno County, for example, which has a$5.6 billion-plus agricultural industry, migrant farm workers depend heavily on food banks, religious organizations, and family networks to feed and clothe their families. Foundation professionals espouse well-intentioned, hopeful strategies to improve the lives of the poor. These strategies contain specific ideas-in philanthropy terminology, "theories of change"- that rely on traditional American ideals of individualism and hard work, such as self-help, civic participation, and mutual prosperity. But when used in partnership with well-defined limits around what foundations will and will not fund, these ideals become fuzzy concepts promoting professional and institutional behaviors that leave relationships of poverty and inequality untouched. 410 0$aPoverty, Interrupted ;$v1. 606 $aFarmers$zCalifornia$zCentral Valley (Valley) 606 $aCharities$zCalifornia$zCentral Valley (Valley)$vCase studies 606 $aPoverty$zCalifornia$zCentral Valley (Valley) 606 $aImmigrants$zCalifornia$zCentral Valley (Valley) 607 $aCalifornia$xEconomic conditions$y20th century 607 $aCalifornia$xEconomic conditions$y21st century 608 $aElectronic books. 615 0$aFarmers 615 0$aCharities 615 0$aPoverty 615 0$aImmigrants 676 $a362.5/57097945 700 $aKohl-Arenas$b Erica$f1968-$01044072 801 0$bMiAaPQ 801 1$bMiAaPQ 801 2$bMiAaPQ 906 $aBOOK 912 $a9910460567403321 996 $aThe self-help myth$92469475 997 $aUNINA LEADER 01377nam 2200397 450 001 9910291758803321 005 20230814225044.0 010 $a1-58537-302-8 035 $a(CKB)4100000007106633 035 $a(WaSeSS)IndRDA00121567 035 $a(EXLCZ)994100000007106633 100 $a20200407d2018 uy 0 101 0 $aeng 135 $aur||||||||||| 181 $ctxt$2rdacontent 182 $cc$2rdamedia 183 $acr$2rdacarrier 200 10$a2018 40th Electrical Overstress/Electrostatic Discharge Symposium $e23-28 September 2018, Reno, NV, USA /$fIEEE Electron Devices Society, IEEE Reliability Society 210 1$aPiscataway, New Jersey :$cInstitute of Electrical and Electronics Engineers,$d2018. 215 $a1 online resource (69 pages) 311 $a1-5386-7409-2 606 $aElectronic apparatus and appliances$xProtection$vCongresses 606 $aElectric discharges$vCongresses 606 $aElectrostatics$vCongresses 615 0$aElectronic apparatus and appliances$xProtection 615 0$aElectric discharges 615 0$aElectrostatics 676 $a621.381 712 02$aIEEE Electron Devices Society, 712 02$aIEEE Reliability Society, 801 0$bWaSeSS 801 1$bWaSeSS 906 $aPROCEEDING 912 $a9910291758803321 996 $a2018 40th Electrical Overstress$92509428 997 $aUNINA